What is sutaining rural land values? (Record no. 63656)
[ view plain ]
| 000 -LEADER | |
|---|---|
| fixed length control field | 01252cam a2200217 4500 |
| 001 - CONTROL NUMBER | |
| control field | ABS62389 |
| 008 - FIXED-LENGTH DATA ELEMENTS--GENERAL INFORMATION | |
| fixed length control field | 000000n2000 000 0 eng u |
| 035 ## - SYSTEM CONTROL NUMBER | |
| System control number | (Sirsi) u106291 |
| 245 ## - TITLE STATEMENT | |
| Title | What is sutaining rural land values? |
| 260 ## - PUBLICATION, DISTRIBUTION, ETC. | |
| Date of publication, distribution, etc. | 2000 |
| 490 ## - SERIES STATEMENT | |
| Series statement | RICS UK Economic Brief |
| Volume/sequential designation | May 2000,6-7(2) |
| 520 ## - SUMMARY, ETC. | |
| Summary, etc. | Whilst farm incomes have fallen by 61% since 1995 and are predicted to fall further in 2000 farmland prices have surged. According to the RICS own measure for vacant possession farmland sales values have risen in real terms 15% in real terms since 1995. Considers the reasons for this ; the strength of the residential sector, the introduction of farm business tenancies, the growth of contract farming, of diversification and farmers' willingness to adapt to changes on the supply side which has kept a shortage of land on the market. Warns though that, looking at historical data, traditionally land values have lagged farm incomes. Concludes by examining possible effects of a drop in land values at the present time. References. |
| 590 ## - LOCAL NOTE (RLIN) | |
| Local note | ABS |
| 650 ## - SUBJECT ADDED ENTRY--TOPICAL TERM | |
| Topical term or geographic name entry element | FARMLAND PRICES |
| 650 ## - SUBJECT ADDED ENTRY--TOPICAL TERM | |
| Topical term or geographic name entry element | FARM INCOMES |
| 650 ## - SUBJECT ADDED ENTRY--TOPICAL TERM | |
| Topical term or geographic name entry element | LAND VALUES |
| 650 ## - SUBJECT ADDED ENTRY--TOPICAL TERM | |
| Topical term or geographic name entry element | FORECASTS |
| 650 ## - SUBJECT ADDED ENTRY--TOPICAL TERM | |
| Topical term or geographic name entry element | RURAL ECONOMY |
| 690 ## - LOCAL SUBJECT ADDED ENTRY--TOPICAL TERM (OCLC, RLIN) | |
| Topical term or geographic name as entry element | RURAL-MARKET |
| 942 ## - ADDED ENTRY ELEMENTS (KOHA) | |
| Suppress in OPAC | 0 |
| Withdrawn status | Lost status | Source of classification or shelving scheme | Damaged status | Not for loan | Home library | Current library | Shelving location | Date acquired | Total Checkouts | Full call number | Barcode | Date last seen | Copy number | Price effective from | Koha item type |
|---|---|---|---|---|---|---|---|---|---|---|---|---|---|---|---|
| Dewey Decimal Classification | London | London | Journal article | 07/06/2000 | ABS62389 | 106291-1001 | 06/08/2019 | 1 | 06/08/2019 | Journal article |